| 000 | 00479nam a2200157 i 4500 | ||
|---|---|---|---|
| 001 | 64793 | ||
| 003 | ES-MaACL | ||
| 007 | t| | ||
| 008 | 040105s1910 fr ||||1| fre d | ||
| 100 | 1 |
_aFouillée, Alfred, _d1838-1912 _951939 |
|
| 245 | 1 | 3 |
_aLa democratie politique et sociale en France / _cAlfred Fouillée. |
| 260 |
_aParís : _b[s.n., _c1910] ( _eTours : _fE. Arrault) |
||
| 300 |
_aVIII, 223 p. ; _c22 cm. |
||
| 852 |
_aES-MaACL _jB-6390 |
||
| 999 |
_c64793 _d64793 |
||